|
|
|
|
| LEADER |
01051nam a2200241 a 4500 |
| 001 |
1596953 |
| 008 |
091121s1994 ii b 001 0 eng d |
| 010 |
|
|
|a 94021364
|
| 020 |
|
|
|a 0803991835 (US : hb)
|
| 020 |
|
|
|a 8170364116 (India : hb)
|
| 040 |
|
|
|a DLC
|c DLC
|d DLC
|
| 082 |
0 |
0 |
|a 338.8/8854
|2 20
|
| 100 |
1 |
|
|a Kumar, Nagesh,
|d 1958-
|
| 245 |
1 |
0 |
|a Multinational enterprises and industrial organization :
|b the case of India /
|c Nagesh Kumar.
|
| 260 |
|
|
|a New Delhi ;
|a Thousand Oaks :
|b Sage Publications,
|c 1994.
|
| 300 |
|
|
|a 203 p. ;
|c 22 cm.
|
| 504 |
|
|
|a Includes bibliographical references (p. [183]-197) and index.
|
| 541 |
1 |
|
|e 00011097
|
| 650 |
|
0 |
|a International business enterprises
|x Government policy
|z India.
|
| 650 |
|
0 |
|a Investments, Foreign
|x Government policy
|z India.
|
| 852 |
4 |
|
|a Ayesha Abed Library
|j General Shelf
|
| 999 |
|
|
|c 5758
|d 5758
|
| 952 |
|
|
|0 0
|1 0
|2 ddc
|4 0
|6 338_888540000000000_KUM_1994
|7 0
|9 5697
|a BRACUL
|b BRACUL
|c GEN
|d 2009-11-22
|g 0.00
|l 0
|o 338.88854 KUM
|p 3010011097
|r 2009-11-22
|t 1
|w 2009-11-22
|y BK
|x No price found in the accession register.
|